Computer organization and design : the hardware/software interface (Record no. 79670)

MARC details
000 -LEADER
fixed length control field 01803nam a2200289 a 4500
008 - FIXED-LENGTH DATA ELEMENTS--GENERAL INFORMATION
fixed length control field 180924c20129999||||||||||||||||| || u
010 ## - LIBRARY OF CONGRESS CONTROL NUMBER
LC control number 2011029199
020 ## - INTERNATIONAL STANDARD BOOK NUMBER
International Standard Book Number 9780123747501
050 ## - LIBRARY OF CONGRESS CALL NUMBER
Classification number QA 76.9.C643 Hen
100 ## - MAIN ENTRY--PERSONAL NAME
Personal name Patterson, David A
245 10 - TITLE STATEMENT
Title Computer organization and design : the hardware/software interface
Statement of responsibility, etc. David A. Patterson, John L. Hennessy
Medium [cd-rom]
250 ## - EDITION STATEMENT
Edition statement 4th ed.
260 ## - PUBLICATION, DISTRIBUTION, ETC.
Place of publication, distribution, etc. Waltham, MA
Name of publisher, distributor, etc. Morgan Kaufmann
Date of publication, distribution, etc. 2012
300 ## - PHYSICAL DESCRIPTION
Extent 4 3/4 in.
490 ## -
-- The Morgan Kaufmann series in computer architecture and design
500 ## - GENERAL NOTE
General note Accompanied by textbook
505 ## -
-- Machine generated contents note: Computer Abstractions and Technology Instructions: Language of the Computer Arithmetic for Computers Assessing and Understanding Performance The Processor Enhancing Performance with Pipelining Large and Fast: Exploiting Memory Hierarchy Storage, Networks and Other Peripherals Multiprocessors and Clusters Mapping Control to Hardware A Survey of RISC Architectures for Desktop, Server, and Embedded Computers.
520 ## -
-- "Presents the fundamentals of hardware technologies, assembly language, computer arithmetic, pipelining, memory hierarchies and I/O"-- Provided by publisher.
650 #0 - SUBJECT ADDED ENTRY--TOPICAL TERM
Topical term or geographic name entry element COMPUTER ENGINEERING
650 #0 - SUBJECT ADDED ENTRY--TOPICAL TERM
Topical term or geographic name entry element COMPUTER INTERFACES
650 #0 - SUBJECT ADDED ENTRY--TOPICAL TERM
Topical term or geographic name entry element COMPUTER ORGANIZATION
700 ## - ADDED ENTRY--PERSONAL NAME
Personal name Hennessy, John L
995 ## -
-- e-RESOURCES
-- 20150232
-- CBU-MAIN LIBRARY (Kitwe)
-- QA 76.9.C643 Hen
-- 3
-- AVAILABLE
-- Sep 24, 2018
-- 20150232
-- e-Media Collection
995 ## -
-- e-RESOURCES
-- 20150230
-- CBU-MAIN LIBRARY (Kitwe)
-- QA 76.9.C643 Hen
-- 1
-- AVAILABLE
-- Sep 24, 2018
-- 20150230
-- e-Media Collection
995 ## -
-- e-RESOURCES
-- 20150231
-- CBU-MAIN LIBRARY (Kitwe)
-- QA 76.9.C643 Hen
-- 2
-- AVAILABLE
-- Sep 24, 2018
-- 20150231
-- e-Media Collection
999 ## -
-- 79670
-- 79670
Holdings
Withdrawn status Lost status Source of classification or shelving scheme Damaged status Not for loan Permanent Location Current Location Shelving location Date acquired Total Checkouts Full call number Barcode Date last seen Copy number Price effective from Koha item type
          CBU-MAIN LIBRARY, KITWE. CBU-MAIN LIBRARY, KITWE.   06/29/2023   QA 76.9.C643 Hen 20150232 06/29/2023 1 06/29/2023 DVD/CD-ROM
          CBU-MAIN LIBRARY, KITWE. CBU-MAIN LIBRARY, KITWE.   06/29/2023   QA 76.9.C643 Hen 20150230 06/29/2023 2 06/29/2023 DVD/CD-ROM
          CBU-MAIN LIBRARY, KITWE. CBU-MAIN LIBRARY, KITWE.   06/29/2023   QA 76.9.C643 Hen 20150231 06/29/2023 3 06/29/2023 DVD/CD-ROM